00287nam a2200121Ia 4500008004100000041000900041082001800050100002100068245002400089260003600113300000800149650000800157230718s9999 xx 000 0 und d aEng. a345549bYAH-A aYahor,hanif Maim 0aAccountability 1999 aPakistanbPunjab Law Bookc2016 a153 aLaw